000 00773nam a2200217Ia 4500
003 GCL
008 140319s9999 xx 000 0 ara d
040 _aGCL /
_cGCL
082 0 4 _a345
_bر ش
100 1 _aرؤوف عبيد
245 1 0 _aشرح قانون العقوبات التكميلى فى جرائم المخدرات- الاسلحة والذخائر- التشرد- الاشتباه- التدليس والغش - تهريب النقد /
_cرؤوف عبيد
260 _a[S.N] :
_bدار الفكر العربى ،
_c1979
300 _a672 ص
490 _a
650 0 4 _aالجريمة والمجرمون
650 0 4 _aقانون العقوبات
650 0 4 _aالاسلحة
650 0 4 _aالمخدرات
650 0 4 _aالتهريب
942 _2ddc
_cBK
999 _c30580
_d30580